000 00683nam a2200181Ia 4500
008 100920s9999 xx 000 0 und d
082 _b53505
_a200 थ 57
100 _aText1
245 _aअठराशे सत्तावनचा महाराष्ट्र.
260 _bपरांजपे द. रा., सातारा.
_c1957
300 _a117
_bसाधी
365 _b1.25
520 _aधार्मिक.
630 _aअठराशे सत्तावनचा महाराष्ट्र.
650 _aधार्मिक.
730 _aअठराशे सत्तावनचा महाराष्ट्र.
942 _cBOOK
999 _c698549
_d698546